| 000 | 01100nam0a22003011 4500 | ||
|---|---|---|---|
| 001 | RU\NLR\INFOCOMM_165\5000009119 | ||
| 005 | 20250613094250.0 | ||
| 035 | _a(NLR Aleph) 009249241 | ||
| 090 |
_a8974550 _c8974550 |
||
| 100 | _a20100722d1979 |||y0rusy50 ca | ||
| 101 | 1 |
_afre _crus |
|
| 102 | _aRU | ||
| 105 | _aa ||||000|y | ||
| 200 | 1 |
_aÉléments de calcul numérique _fPar B. Démidovitch et I. Maron _g[Trad. du russe par Valentin Polonski] |
|
| 205 | _a2-e éd. | ||
| 210 |
_aΜ. _cMir _d1979 |
||
| 215 |
_a677 с. _cил. _d22 см |
||
| 300 | _aДоп. тит. л. на рус. яз.: Основы вычислительной математики / Б. П. Демидович и И. А. Марон | ||
| 320 | _aБиблиогр. в конце глав | ||
| 686 |
_aМт-990 _2rubbk |
||
| 700 | 1 |
_9z01790 _aDemidovič _bB. P. _f1906-1977 _gBoris Pavlovič _4070 |
|
| 701 | 1 |
_aMaron _bI. A. _f1911-1980 _gIsaak Abramovič _4070 |
|
| 790 | 1 |
_9z01700 _aDémidovitch _bB. _4070 |
|
| 801 | 1 |
_aRU _bNLR _c20100722 |
|
| 801 | 0 |
_aRU _bNLR _gPSBO |
|
| 852 |
_aNLR _jМт01 Д-5/392 |
||
| 942 | _cBOOK | ||
| 980 | _aNB | ||